000 00488nam a2200169Ia 4500
005 20250508153718.0
008 008 250505s9999 xx 000 0 eng d
037 _aBooks to be hide in OPAC
040 _aFEDL
_beng
_cFEDL
041 _aeng
_2eng
084 _a372.942, WES
_qFEDL
245 0 _aSixth-ninth annual report of the wesleyan committee of education 1908-1909
260 _c1909
300 _a252p.
942 _cHB
_h372.942, WES
999 _c1344922
_d1344922